French Kings - Sudden Death - Statistics

General Stats
  • This quiz has been taken 69 times
  • The average score is 7 of 13
Answers on the Grid
Answers color-coded by a green-red scale on the quiz's grid according to % correct below.
Théo I
Robert II
René V
Philippe VII
Philippe I
Pascal I
Noël II
Luc I
Louis XXIII
Louis XVIII
Louis XVI
Louis XIV
Louis IX
Jules VI
John I
Hugues VIII
Hughes
Henri IV
Guy III
Gilles IV
François I
Charles X
Charles VII
Charles VI
Alain II
 
Answer Stats
Answer % Correct
Louis XVI
81%
Louis XIV
77%
Louis IX
74%
Louis XVIII
74%
Charles VI
63%
Charles VII
63%
Henri IV
61%
Philippe I
60%
Charles X
51%
François I
51%
Robert II
42%
Hughes
25%
John I
23%
No matching quizzes found
Score Distribution
Percent of People with Each Score
Percentile by Number Answered
Your Score History
You have not taken this quiz